Anuario de los temas y sus protagonistas 2000 / (Record no. 92482)
[ view plain ]
| 000 -CABECERA | |
|---|---|
| campo de control de longitud fija | 01103nam a2200193 a 4500 |
| 005 - FECHA Y HORA DE LA ÚLTIMA TRANSACCIÓN | |
| campo de control | 20210219154203.0 |
| 008 - ELEMENTOS DE LONGITUD FIJA--INFORMACIÓN GENERAL | |
| campo de control de longitud fija | 021014s2001 es r 000 0 spa d |
| 020 ## - NÚMERO INTERNACIONAL NORMALIZADO PARA LIBROS | |
| Número Internacional Estándar del Libro | 8439588283 |
| 035 ## - NÚMERO DE CONTROL DEL SISTEMA | |
| Número de control de sistema | UPN01000120137 |
| 049 ## - COLECCIÓN | |
| Colección | C |
| 050 #4 - SIGNATURA TOPOGRÁFICA DE LA BIBLIOTECA DEL CONGRESO | |
| Número de clasificación | AY19 E8 |
| Número de documento/Ítem | A5.8 2000 |
| 245 10 - MENCIÓN DE TÍTULO | |
| Título | Anuario de los temas y sus protagonistas 2000 / |
| Mención de responsabilidad, etc. | Andrea Alvarez ... [et al.]. |
| 260 ## - PUBLICACIÓN, DISTRIBUCIÓN, ETC. | |
| Lugar de publicación, distribución, etc. | Barcelona [Esp.] : |
| Nombre del editor, distribuidor, etc. | EDP, |
| Fecha de publicación, distribución, etc. | 2001. |
| 300 ## - DESCRIPCIÓN FÍSICA | |
| Extensión | 2v. : |
| Otras características físicas | il. col. + |
| Material acompañante/anejo | 2 CD-ROM ; 4 3/4 plg. |
| 505 8# - NOTA DE CONTENIDO CON FORMATO PREESTABLECIDO | |
| Nota de contenido con formato | Contenido: |
| Información miscelánea | v.1. |
| Título | Curso internet ; ciudades españolas ; internet, la revolución imparable ; nuevas carreras, nuevas profeciones ; alimentación y educación dietética ; el legado cultural del arte cristiano -- |
| Información miscelánea | v.2. |
| Título | La nueva economía, motor del desarrollo, el mapa del cuerpo : el género humano ; España fin de siglo : 1975-2000 ; energías renovables, una alternativa del futuro ; protagonistas del año ; obituario, índice onomástico -- CD-ROM: Biblioteca e internet de los temas y sus protagonistas -- CD-ROM: Curso de internet |
| 650 #4 - ASIENTO SECUNDARIO DE MATERIA - TERMINO TEMATICO | |
| Término de materia o nombre geográfico como elemento de entrada | HISTORIA - |
| Subdivisión de forma | ANUARIOS |
| 700 1# - ASIENTO SECUNDARIO--NOMBRE DE PERSONAL | |
| Nombre de persona | Alvarez, Andrea, |
| Término indicativo de función/relación | coaut. |
| 905 ## - TIPO DE MATERIAL | |
| Tipo de material | Libro |
| Estado de retiro | Estado de pérdida | Fuente del sistema de clasificación o colocación | Estado dañado | No para préstamo | Código de colección | Localización permanente | Ubicación/localización actual | Ubicación en estantería | Enumeración/cronología de publicación seriada | Total de préstamos | Clasificación | Código de barras | Fecha visto por última vez | Número de copia | Tipo de ítem Koha |
|---|---|---|---|---|---|---|---|---|---|---|---|---|---|---|---|
| Library of Congress Classification | Consulta | Bib. Gregorio Torres Quintero | Bib. Gregorio Torres Quintero | Sala de lectura Sótano | CD Biblioteca Internet | AY19 E8 A5.8 2000 | 198919 | 31/12/2020 | 1 | Formato Digital | |||||
| Library of Congress Classification | Consulta | Bib. Gregorio Torres Quintero | Bib. Gregorio Torres Quintero | Sala de lectura Sótano | CD Curso Internet | AY19 E8 A5.8 2000 | 198918 | 31/12/2020 | 1 | Formato Digital |
